000 01229cam a2200361 4500
999 _c23582
_d23582
001 vtls012064793
005 20240710074951.0
008 210809s2021 xo gr 000 f slo
020 _a9788055178127
_q(viazané)
040 _aTTKJF
_bslo
_cTTKJF
_dSNK
_erda
041 1 _aslo
_heng
044 _axo
_cSK
072 7 _a821.111-3
_xAnglická próza, anglicky písaná
_2konspekt
080 _a821.111-31
_22011
080 _a(0:82-312.4)
_22011
100 1 _aHowe, Samantha Lee
_4aut
_93932
240 1 4 _aThe Stranger in our bed
_lSlovensky
245 1 0 _aNeznámy v našej spálni
_cSamantha Lee Howe ; preložila Jana Seichertová
264 1 _aBratislava
_bIkar
_c2021
300 _a334 strán
_c21 cm
336 _atext
_btxt
_2rdacontent
337 _abez média
_bn
_2rdamedia
338 _azväzok
_bnc
_2rdacarrier
500 _aPreložené z angličtiny
500 _aObsahuje stručné biografické údaje o autorke na záložke prebalu publikácie
655 7 _aanglické romány
_2SNKPH
_98
655 7 _atrilery (romány)
_2SNKPH
_92135
655 7 _aEnglish fiction
_2SNKPHeng
_99
655 7 _aThrillers (novels)
_2SNKPHeng
_91722
700 1 _aSeichertová, Jana
_4trl
_93933
958 _aLX
958 _aUP